000 00445nam a2200169 a 4500
005 20140310183215.0
008 030415s19uu xx 00 eng d
020 _a0061007226
050 _aPZ 4
_b.B6447 1994
100 _aBlatty, William Peter
245 _aThe Exorcist /
_cWilliam Peter Blatty.
260 _aNew York :
_bHarper Collins,
_c1994.
300 _a385 p. :
_c17 cm.
650 _aFiction
942 _cBK
_2lcc
999 _c20223
_d20223